[Event "Southern Alberta op"]
[Site "Calgary"]
[Date "2002.11.16"]
[Round "3"]
[White "Dean, Tim"]
[Black "Roy, Jim"]
[Result "0-1"]
[WhiteElo "1776"]
[BlackElo "1923"]
[PlyCount "64"]
[EventDate "2002.11.16"]
[EventType "swiss"]
[EventRounds "5"]
[EventCountry "CAN"]
[SourceTitle "EXT 2017"]
[Source "ChessBase"]
[SourceDate "2016.10.25"]
[SourceVersion "1"]
[SourceVersionDate "2016.10.25"]
[SourceQuality "1"]

1. e4 c5 2. Nf3 d6 3. d4 cxd4 4. Nxd4 Nf6 5. Nc3 a6 6. Be2 Qc7 7. 0-0 b5 8. f4 Bb7 9. Bf3 e5 10. Nf5 Nbd7 11. Kh1 Rc8 12. Rf2 b4 13. Nd5 Bxd5 14. exd5 g6 15. fxe5 dxe5 16. d6 Qb8 17. Ne7 Bxe7 18. dxe7 e4 19. Be2 h5 20. Bf4 Qb6 21. Rf1 Qc6 22. Rc1 Nd5 23. Bg5 f6 24. Qd4 Rh7 25. c4 bxc3 26. Bd2 Rxe7 27. Bxc3 Qb7 28. Bxa6 Qxa6 29. Qxd5 e3 30. Qg8+ Nf8 31. Bxf6 Rxc1 32. Rxc1 Rf7 0-1